Principles of risk management and insurance / (Record no. 5464)
[ view plain ]
| 000 -LEADER | |
|---|---|
| fixed length control field | 00627cam a2200193 a 4500 |
| 020 ## - INTERNATIONAL STANDARD BOOK NUMBER | |
| International Standard Book Number | 9780136117025 (alk. paper) |
| 020 ## - INTERNATIONAL STANDARD BOOK NUMBER | |
| International Standard Book Number | 0136117023 (alk. paper) |
| 020 ## - INTERNATIONAL STANDARD BOOK NUMBER | |
| International Standard Book Number | 9780137029136 (pbk.) |
| 020 ## - INTERNATIONAL STANDARD BOOK NUMBER | |
| International Standard Book Number | 0137029136 (pbk.) |
| 050 00 - LIBRARY OF CONGRESS CALL NUMBER | |
| Classification number | HG8051 |
| Item number | .R44 2011 |
| 100 1# - MAIN ENTRY--PERSONAL NAME | |
| Personal name | Rejda, George E., |
| Dates associated with a name | 1931- |
| 245 10 - TITLE STATEMENT | |
| Title | Principles of risk management and insurance / |
| Statement of responsibility, etc. | George E. Rejda. |
| 250 ## - EDITION STATEMENT | |
| Edition statement | Global edition. |
| 260 ## - PUBLICATION, DISTRIBUTION, ETC. (IMPRINT) | |
| Place of publication, distribution, etc. | Boston : |
| Name of publisher, distributor, etc. | Prentice Hall, |
| Date of publication, distribution, etc. | c2011. |
| 300 ## - PHYSICAL DESCRIPTION | |
| Extent | xvii, 730 p. : |
| 500 ## - GENERAL NOTE | |
| General note | Includes glossary and index. |
| 650 #0 - SUBJECT ADDED ENTRY--TOPICAL TERM | |
| General subdivision | Risk management ; |
| -- | Risk (insurance) ; |
| -- | Insurance ; |
| -- | United states. |
| 942 ## - ADDED ENTRY ELEMENTS (KOHA) | |
| Source of classification or shelving scheme | Library of Congress Classification |
| Koha item type | General circulation |
| Withdrawn status | Lost status | Source of classification or shelving scheme | Damaged status | Not for loan | Home library | Current library | Shelving location | Date acquired | Cost, normal purchase price | Total Checkouts | Full call number | Barcode | Date last seen | Date last checked out | Cost, replacement price | Koha item type | Public note | Source of acquisition | Price effective from |
|---|---|---|---|---|---|---|---|---|---|---|---|---|---|---|---|---|---|---|---|
| Library of Congress Classification | Kitui Town Campus Library | Kitui Town Campus Library | General Stacks | 09/07/2015 | 9564.00 | 7 | HG 8051 .R44 2011 | 2015/002573 | 12/02/2019 | 06/02/2019 | 10520.00 | General circulation | Nzk | ||||||
| Library of Congress Classification | Kitui Town Campus Library | Kitui Town Campus Library | General Stacks | 17/02/2026 | HG 8051 .R44 2022 | 2026/029337 | 17/02/2026 | General circulation | Purchase | 17/02/2026 |